000 00559nmm a2200193Ia 4500
008 251105s9999||||xx |||||||||||||||||und||
020 _a9788497427876
041 _aspa
100 _aMuñoz, Jacobo
245 0 _aEl animal humano :
_b Debate con Jorge Santayana
264 _a[Madrid, España] :
_bBiblioteca Nueva,
_c2008
300 _a296 páginas
490 _aPensar en español
650 _aPhilosophy, Ethics
700 _aMuñoz, Jacobo
700 1 _a Martín, José
856 _uhttps://public.digitaliapublishing.com/a/4137
942 _cCF
999 _c69215
_d69215